Text Book Of Engineering Graphics-II (Record no. 313416)
[ view plain ]
| 000 -LEADER | |
|---|---|
| fixed length control field | 00421nam a2200169Ia 4500 |
| 008 - FIXED-LENGTH DATA ELEMENTS--GENERAL INFORMATION | |
| fixed length control field | 230718s9999 xx 000 0 und d |
| 041 ## - LANGUAGE CODE | |
| Language code of text/sound track or separate title | eng |
| 082 ## - DEWEY DECIMAL CLASSIFICATION NUMBER | |
| Classification number | 604.20 |
| Item number | DAB |
| 100 ## - MAIN ENTRY--PERSONAL NAME | |
| Personal name | Dabhade M.L. |
| 245 ## - TITLE STATEMENT | |
| Title | Text Book Of Engineering Graphics-II |
| 250 ## - EDITION STATEMENT | |
| Edition statement | 7th ed. |
| 260 ## - PUBLICATION, DISTRIBUTION, ETC. (IMPRINT) | |
| Date of publication, distribution, etc. | 2004 |
| Name of publisher, distributor, etc. | Vision Publications |
| 300 ## - PHYSICAL DESCRIPTION | |
| Extent | 621 |
| 365 ## - TRADE PRICE | |
| Currency code | Rs. |
| Price amount | 300.00 |
| 700 ## - ADDED ENTRY--PERSONAL NAME | |
| Personal name | Dabhade M.L. |
| 906 ## - LOCAL DATA ELEMENT F, LDF (RLIN) | |
| d | 170/18.4.06 |
| c | MECH |
| b | 45 |
| Withdrawn status | Lost status | Damaged status | Not for loan | Home library | Current library | Date acquired | Vendor | Budget Code | Cost, normal purchase price | Bill number | Total Checkouts | Full call number | Barcode | Date last seen | Date last checked out | Discount | Cost, replacement price | Bill Date | Koha item type | Original Barcode |
|---|---|---|---|---|---|---|---|---|---|---|---|---|---|---|---|---|---|---|---|---|
| Cummins College of Engineering for Women Pune | Cummins College of Engineering for Women Pune | 18/04/2006 | Technical Book Services | MECH | 255.00 | 170/18.4.06 | 1 | 604.20 | CCEP-BK-24623 | 02/01/2024 | 11/12/2023 | 45 | 300.00 | 18/04/2006 | Books | 024623 |